000 00657nam a22001697a 4500
003 OSt
008 260625b |||||||| |||| 00| 0 eng d
020 _a9788170195917
082 _a632.96
_bP18M
245 _aMicrobial Antagonists: Role in Biological Control of Plant Diseases/by edited by R.N. Pandey
250 _a1st. ed.
260 _aDelhi :
_bToday & Tomorrow Printers and Publishers,
_c2019
500 _a2 Vol. set : Vol. 1 (1-394 p.) Vol. 2 (395-850 p.)
650 _aAgriculture and related technologies | Technology (Applied sciences) | Biological pesticides | Pest control
700 _aPandey, R.N.
942 _2ddc
_cBK
999 _c52329
_d52329